| 000 | 00767nam a2200181 i 4500 | ||
|---|---|---|---|
| 001 | 111660 | ||
| 003 | ES-MaACL | ||
| 005 | 20230906185335.0 | ||
| 007 | t| | ||
| 008 | 061121s1985 sp a |||| | spa d | ||
| 020 | _a92-64-22760-1 | ||
| 245 | 0 | 0 |
_aPolitique du tourisme et tourisme international dans les pays membres de l'OCDE _b: évolution du tourisme dans les pays membres de L'OCDE en 1984 : rapport adopté en juillet 1985 par le Comité du tourisme de l'OCDE / _cOrganisation de Coopération et de Développement Économiques. |
| 260 |
_aParís : _bOCDE, _c1985. |
||
| 300 |
_a148 p. : _bil. ; _c27 cm. |
||
| 650 | 0 | 4 |
_aPolítica turística. _916309 |
| 710 | 2 |
_aOrganización de Cooperación y Desarrollo Económico. _9167502 |
|
| 852 |
_aES-MaACL _jL-10141 |
||
| 999 |
_c111660 _d111660 |
||